Central Library OPAC University of Rajshahi

The philosophy of mathematics / (Record no. 30104)

MARC details
000 -LEADER
fixed length control field 00747nam a2200265 a 4500
001 - CONTROL NUMBER
control field 30104
003 - CONTROL NUMBER IDENTIFIER
rucl marc code BD-RjUL
005 - DATE AND TIME OF LATEST TRANSACTION
control field 20211209051520.0
008 - FIXED-LENGTH DATA ELEMENTS--GENERAL INFORMATION
fixed length control field 140409s1969 enka b 001 0 eng d
035 ## - SYSTEM CONTROL NUMBER
System control number (BD-RjUL)30189
System control number (OCoLC)57529
040 ## - CATALOGING SOURCE
Original cataloging agency BD-RjUL
Language of cataloging eng
Transcribing agency BD-RjUL
Modifying agency BD-RjUL
041 ## - LANGUAGE CODE
Language code of text/sound track or separate title eng
082 ## - DEWEY DECIMAL CLASSIFICATION NUMBER
Classification number 510.01
Edition number 18
Classification number 510.01
Edition number 18
Author mark and year KOP 1969
100 ## - MAIN ENTRY--PERSONAL NAME
Personal name Korner S.
9 (RLIN) 91530
245 04 - TITLE STATEMENT
Title The philosophy of mathematics /
260 ## - PUBLICATION, DISTRIBUTION, ETC. (IMPRINT)
Place of publication, distribution, etc. London :
Name of publisher, distributor, etc. Oxford University Press,
Date of publication, distribution, etc. 1969.
300 ## - PHYSICAL DESCRIPTION
Pagination 197 p :
Illustrations ill. ;
Size 21 cm.
500 ## - GENERAL NOTE
General note Includes index.
504 ## - BIBLIOGRAPHY, ETC. NOTE
Bibliography, etc Bibliography: p. 178-184.
650 #0 - SUBJECT ADDED ENTRY--TOPICAL TERM
Topical term or geographic name as entry element Logic, Symbolic and mathematical.
9 (RLIN) 91531
Topical term or geographic name as entry element Mathematics
General subdivision Philosophy.
9 (RLIN) 5282
942 ## - ADDED ENTRY ELEMENTS (KOHA)
Source of classification or shelving scheme Dewey Decimal Classification
Koha item type Books
Holdings
Lost status Source of classification or shelving scheme Damaged status Not for loan Collection code Permanent Location Current Location Shelving location Date acquired Source of acquisition Cost, normal purchase price Total Checkouts Full call number Date last seen Copy number Koha item type
  Dewey Decimal Classification     Non-fiction Central Library, University of Rajshahi Central Library, University of Rajshahi   03/04/1974 Euro, B.D. News Agency 30.00   510.01 KOP 1960 10/04/2014 C-3 Books
  Dewey Decimal Classification     Non-fiction Central Library, University of Rajshahi Central Library, University of Rajshahi   05/03/1963 Zeitlinger 4.00   510.01 KOP 1960 10/04/2014 C-1 Books
  Dewey Decimal Classification     Non-fiction Central Library, University of Rajshahi Central Library, University of Rajshahi   23/11/1976 Md. Moazzem Hossain . Dept. of Philosophy R.U. 44.00   510.01 KOP 1960 15/04/2014 C-2 Books